000 00716cab a2200229 4500
001 ABS56397
008 090401t1996 xxu||||| |||| 00| 0 eng d
035 _a(Sirsi) u23319
041 _aeng
100 _aWatson, B.
245 _aSpecialism Series No. 3 - Specialist appeal casework - environmental legislation
260 _c1996
350 _a0
490 _aPlanning Inspectorate Journal
_v(6) Winter 1996, 2-4(3)
520 _aA practitioners guide to appeal casework arrising from environmental legislation.
650 _aENVIRONMENT AGENCY
650 _aENVIRONMENTAL PROTECTION ACT 1990
650 _aWATER ACTS 1991
690 _aPLANNING LAW AND PRACTICE
942 _n0
948 _c04/03/1997
999 _c15593
_d15593